Joueurs passés par le FC Bâle - Mort subite - Statistiques

Statistiques générales
  • Ce quiz a été pris 200 fois
  • Le résultat moyen est 7 sur 20
Answers on the Grid
Answers color-coded by a green-red scale on the quiz's grid according to % correct below.
Xherdan Shaqiri
Taulant Xhaka
Granit Xhaka
Marwin Hitz
Riccardo Calafiori
Andy Diouf
Zeki Amdouni
Mohamed Salah
Manuel Akanji
Thierno Barry
Marco Streller
Ricky van Wolfswinkel
Ivan Rakitić
Michael Lang
Noah Okafor
Breel Embolo
Edon Zhegrova
Murat Yakın
Arthur Cabral
Fabian Frei
Haris Seferović
Andy Delort
Alvyn Sanches
Fabio Celestini
Mbala Nzola
Omar Marmoush
Marko Arnautović
Jean-Pierre Nsame
Ousmane Diomande
Jean-Philippe Mateta
Théo Berdayes
Steven Zuber
Toni Kroos
Kevin Mbabu
Anton Mirantchouk
Remo Freuler
 
Statistiques - réponses
Réponse % Correct
Mohamed Salah
54%
Xherdan Shaqiri
51%
Granit Xhaka
48%
Breel Embolo
45%
Taulant Xhaka
39%
Manuel Akanji
36%
Ivan Rakitić
35%
Fabian Frei
34%
Zeki Amdouni
34%
Arthur Cabral
33%
Andy Diouf
32%
Edon Zhegrova
31%
Noah Okafor
28%
Michael Lang
26%
Ricky van Wolfswinkel
26%
Thierno Barry
25%
Marwin Hitz
23%
Riccardo Calafiori
23%
Marco Streller
19%
Murat Yakın
17%
Aucun quiz correspondant
Distribution des résultats
% des personnes avec chaque résultat
Percentile par nombre de réponses
Votre historique - résultats
Vous n’avez pas pris ce quiz